000 00257nam a22001097a 4500
008 170112b xxu||||| |||| 00| 0 eng d
020 _a9780323039062
041 _aeng
080 _25TH
_a618.2
245 _aPSYCHIATRIC NURSING
_cKELTNER, N.L
942 _2udc
_cBK
999 _c2826
_d2826